Przystanki autobusu 68 zditm - Statystyki

Ogólne statystyki
  • Ten quiz został rozwiązany 8 razy
  • Średni wynik to 11 z 14
Statystyki odpowiedzi
Przystanek % Poprawnych
8 Axentowicza
100%
7 Bandurskiego
100%
6 Pasterska
100%
1 Plac Rodła
100%
9 Rostocka
100%
10 Rostocka
100%
12 Świergotki
100%
14 Świergotki
100%
5 Staw Brodowski
80%
2 Matejki
60%
3 Szczanieckiej
60%
4 Wilcza Wiadukt
60%
11 Królewskiego
40%
13 Przepiórki
40%
Nie znaleziono quizów pasujących do podanych kryteriów
Rozkład punktacji
Procent ludzi z każdym wynikiem
Percentyl według liczby udzielonych odpowiedzi
Twoja historia wyników
Nie rozwiązałeś tego quizu